000 00759cam a2200253Ia 4500
001 30183
003 GBCCL
005 20241126110412.0
008 860211c19641958miu b 001 0 eng d
020 _a0310308909
035 _a(OCoLC)13135749
040 _aIGA
_cIGA
_dFYB
_dLBB
049 _aLBBK
082 _a236.07
_bPEN
090 _aBT821
_b.P4 1964
100 1 _aPentecost, J. Dwight.
_92790
245 1 0 _aThings to come :
_ba study in Biblical eschatology /
_cby J. Dwight Pentecost ; introduction by John F. Walvoord.
260 _aGrand Rapids, Mich. :
_bZondervan,
_c[1964], c1958.
300 _ax, 633 p. ;
_c24 cm.
500 _aIncludes indexes.
504 _aBibliography: p. 584-597.
650 0 _aEschatology.
_92009
942 _2ddc
_cBK
_061
999 _c1906
_d1906